000 01100cad a22002175a 4500
001 E149668
008 100407e20100406xxk 000 0 eng d
035 _a(Sirsi) u149668
041 0 _aeng
110 2 _aHomes for Scotland
245 0 0 _aBuilding standards threaten further homes slow-down
_h[electronic resource]
260 _c2010
490 _aHomes for Scotland News Release
_v6 April 2010
520 _aSuggests that new Building Standards coming into force on 1 October 2010 (see E149662) will delay the provision of new homes and could mean home buyers have to pay an extra £8 000 for low carbon homes. Emphasises the need to improve the energy efficiency of existing homes, rather than targetting new-builds.
590 _aKA
651 4 _aScotland
_y1999-
690 _aPROPERTY-RESIDENTIAL PROPERTY-DOMESTIC RESIDENTIAL PROPERTY-HOUSING
690 _aENVIRONMENTAL AND LAND CONSULTANCY-SUSTAINABILITY-SUSTAINABLE DEVELOPMENT
856 4 0 _uhttps://www.homesforscotland.com/117/article.aspx?Site=1
_zView the news release free of charge at www.homesforscotland.com...
942 _n0
999 _c82243
_d82243